| 000 | 00404nam a22001577a 4500 | ||
|---|---|---|---|
| 020 | _a9789349730991 | ||
| 082 |
_aM 190 _bROY/U |
||
| 100 | _aRoy M N | ||
| 245 |
_aYukthi kalpanikatha viplavam (Part 1)/ _cby Roy M N |
||
| 260 |
_aThiruvananthapuram: _bMythri Books, _c2025. |
||
| 300 | _a400p. | ||
| 650 | _aWestern Philosophy | ||
| 650 | _aPhilosophy | ||
| 700 | _aHaridasan M V (tr.) | ||
| 942 | _cBK | ||
| 999 |
_c181990 _d181990 |
||